[Event "Geraardsbergen op"]
[Site "Geraardsbergen"]
[Date "1992.??.??"]
[Round "6"]
[White "Krijgelmans, Johan"]
[Black "Winants, Luc"]
[Result "0-1"]
[WhiteElo "2225"]
[BlackElo "2505"]
[PlyCount "118"]
[EventDate "1992.??.??"]
[EventType "swiss"]
[EventRounds "7"]
[EventCountry "BEL"]
[SourceTitle "EXT 1999"]
[Source "ChessBase"]
[SourceDate "1998.11.16"]
[SourceVersion "1"]
[SourceVersionDate "1998.11.16"]
[SourceQuality "1"]

1. d4 Nf6 2. c4 e6 3. Nc3 Bb4 4. Nf3 c5 5. e3 Nc6 6. Bd3 Bxc3+ 7. bxc3 d6 8. e4 e5 9. h3 h6 10. dxc5 dxc5 11. Nh2 Qa5 12. Bd2 Be6 13. Nf1 0-0-0 14. Qe2 Rxd3 15. Qxd3 Rd8 16. Qc2 Bxc4 17. f3 Bd3 18. Qb2 c4 19. Kf2 Nd7 20. Be3 Nc5 21. Bxc5 Qxc5+ 22. Ne3 g6 23. a4 a6 24. a5 Nxa5 25. Qa3 Qxa3 26. Rxa3 Nb3 27. Ng4 Kd7 28. Nxe5+ Ke6 29. Ng4 a5 30. Ne3 b5 31. Nd5 Kd6 32. Ke3 Kc5 33. Rxb3 cxb3 34. Kxd3 a4 35. Kd2 a3 36. Kc1 f5 37. Rd1 fxe4 38. fxe4 Re8 39. Nf6 Re6 40. e5 Kc4 41. Ne4 b2+ 42. Kc2 b4 43. Rd4+ Kb5 44. Rxb4+ Kc6 45. Ra4 Rxe5 46. Nd2 Re2 47. Rxa3 Rxd2+ 48. Kb1 Rxg2 49. Ra2 Kc5 50. Rxb2 Rg3 51. h4 Kc4 52. Rb7 Kxc3 53. Rh7 Rg1+ 54. Ka2 h5 55. Rd7 Rg4 56. Rd6 Kc4 57. Kb2 Kc5 58. Ra6 Kd4 59. Kc2 Ke3 0-1

[Event "BEL-ch"]
[Site "Ghent"]
[Date "1989.08.05"]
[Round "12"]
[White "Krijgelmans, Johan"]
[Black "Campanella, Dominique"]
[Result "1-0"]
[WhiteElo "2221"]
[BlackElo "2153"]
[PlyCount "70"]
[EventDate "1989.07.24"]
[EventType "tourn"]
[EventRounds "13"]
[EventCountry "BEL"]
[SourceTitle "EXT 2005"]
[Source "ChessBase"]
[SourceDate "2004.11.15"]
[SourceVersion "1"]
[SourceVersionDate "2004.11.15"]
[SourceQuality "1"]

1. d4 g6 2. c4 Bg7 3. Nc3 d6 4. e4 Nf6 5. Be2 0-0 6. Nf3 e5 7. Be3 Qe7 8. Qc2 c5 9. dxe5 dxe5 10. Nd5 Nxd5 11. cxd5 Nd7 12. Bb5 b6 13. Qa4 Nf6 14. Bc6 Rb8 15. 0-0 Ne8 16. Nd2 Nd6 17. b4 cxb4 18. Qxb4 Rd8 19. Rfc1 Bf8 20. a4 Qf6 21. Qc3 Nb7 22. Nf3 h6 23. Qxe5 Qxe5 24. Nxe5 Nc5 25. Rc4 Ba6 26. Bb5 Bb7 27. Nc6 Bxc6 28. Bxc6 Bg7 29. Rb1 g5 30. h4 gxh4 31. a5 Nd7 32. Bxd7 Rxd7 33. axb6 axb6 34. Rxb6 Rxb6 35. Bxb6 Rb7 1-0

[Event "BEL-ch"]
[Site "Ghent"]
[Date "1989.08.03"]
[Round "10"]
[White "Krijgelmans, Johan"]
[Black "Sadkowsky, Daniel"]
[Result "0-1"]
[WhiteElo "2221"]
[BlackElo "2252"]
[PlyCount "56"]
[EventDate "1989.07.24"]
[EventType "tourn"]
[EventRounds "13"]
[EventCountry "BEL"]
[SourceTitle "EXT 2005"]
[Source "ChessBase"]
[SourceDate "2004.11.15"]
[SourceVersion "1"]
[SourceVersionDate "2004.11.15"]
[SourceQuality "1"]

1. d4 e6 2. c4 b6 3. e4 Bb7 4. Bd3 Nc6 5. Ne2 Nb4 6. Nbc3 Nxd3+ 7. Qxd3 Ne7 8. d5 Ng6 9. b3 Bc5 10. 0-0 0-0 11. a3 a5 12. Rb1 Qe7 13. Nb5 exd5 14. exd5 Ne5 15. Qg3 c6 16. Nbd4 f5 17. Bg5 Qe8 18. b4 axb4 19. axb4 Bxd4 20. Nxd4 Nxc4 21. dxc6 dxc6 22. Rbe1 Qg6 23. Re6 f4 24. Bxf4 Qf7 25. Rfe1 Qxf4 26. Qd3 Qxf2+ 27. Kh1 Ra2 28. Rg1 Qxg1+ 0-1